Catálogo
 En Linea

Informática 6 primaria (Las TICs por competencias) : (Registro nro. 46523)

Detalles MARC
000 -CABECERA
campo de control de longitud fija 00642nam a2200169 a 4500
001 - NÚMERO DE CONTROL
campo de control 000047035
005 - FECHA Y HORA DE LA ÚLTIMA TRANSACCIÓN
campo de control 20201002053314.0
008 - DATOS DE LONGITUD FIJA--INFORMACIÓN GENERAL
campo de control de longitud fija 180412s2016 dr 000 0 spa d
020 ## - NÚMERO INTERNACIONAL ESTÁNDAR DEL LIBRO
Número Internacional Estándar del Libro 9789945124095
040 ## - FUENTE DE LA CATALOGACIÓN
Centro catalogador/agencia de origen DO-SdBNP
Lengua de catalogación spapa
Centro/agencia transcriptor BNPHU
082 ## - NÚMERO DE LA CLASIFICACIÓN DECIMAL DEWEY
Número de clasificación xxx
Número de documento/Ítem B453i 6a.
100 1# - ENTRADA PRINCIPAL--NOMBRE DE PERSONA
Nombre de persona Beltré Ferreras, Hayser Jacquelín
9 (RLIN) 74889
245 10 - MENCIÓN DE TÍTULO
Título Informática 6 primaria (Las TICs por competencias) :
Resto del título libro para el desarrollo de habilidades digitales en los alumnos de educación primaria /
Mención de responsabilidad, etc. Hayser Jacquelín Beltré Ferreras.
260 ## - PUBLICACIÓN, DISTRIBUCIÓN, ETC.
Lugar de publicación, distribución, etc. Santo Domingo :
Nombre del editor, distribuidor, etc. Susaeta,
Fecha de publicación, distribución, etc. 2016.
300 ## - DESCRIPCIÓN FÍSICA
Extensión 80p. :
Otras características físicas il. ;
Dimensiones 29 cm.
590 ## - NOTA LOCAL (RLIN)
Nota local Inventariado, 2018/MFF
Existencias
Estado de retiro Estado de pérdida No para préstamo Código de colección Localización permanente Ubicación/localización actual Ubicación en estantería Fecha de adquisición Número de inventario Total de préstamos Signatura topográfica completa Código de barras Fecha visto por última vez Precio válido a partir de Tipo de ítem Koha Nota pública
      Patrimonio Dominicano General General Orden iniciada 12.04.2018 LF1   xxx B453i 6a. 47035-30 25.06.2020 25.06.2020 Libro y Folleto Colección Patrimonio Dominicano Inventariado, 2018/MFF
      Patrimonio Dominicano Patrimonio Dominicano Patrimonio Dominicano Orden iniciada 12.04.2018 LF1   xxx B453i 6a. 47035-10 25.06.2020 25.06.2020 Libro y Folleto Colección Patrimonio Dominicano Inventariado, 2018/MFF
      Patrimonio Dominicano Patrimonio Dominicano Patrimonio Dominicano Orden iniciada 12.04.2018 LF1   xxx B453i 6a. 47035-20 25.06.2020 25.06.2020 Libro y Folleto Colección Patrimonio Dominicano Inventariado, 2018/MFF

Con tecnología Koha